| 000 | 00706nam a2200193 a 4500 | ||
|---|---|---|---|
| 001 | 000048743 | ||
| 005 | 20240314175049.0 | ||
| 008 | 190412s2016 dr 000 0 spa d | ||
| 020 | _a9789945087000 | ||
| 040 |
_aDO-SdBNP _bspa _cBNPHU |
||
| 082 |
_axxx _bL817 |
||
| 100 | 1 |
_aLockward, Angel, _911034 |
|
| 245 | 1 | 3 |
_aLa cuestión electoral dominicana : _blegislación-jurisprudencia, sus debilidades / _cÁngel Lockward. |
| 260 |
_aSanto Domingo, : _bSantuario, _bFundación de Estudios Económicos y Políticos, _c2016. |
||
| 300 |
_a175 p. ; _c23 cm. |
||
| 500 | _aIncluye datos biografícos del autor en la solapa de la portada. | ||
| 504 | _aBibliografía p: 149-151 | ||
| 590 | _aInventariado, 2019/ YL | ||
| 999 |
_c48231 _d48231 |
||